Anagrammes - Vocabulaire - Série 08 - Statistiques

Statistiques générales
  • Ce quiz a été pris 77 fois
  • Le résultat moyen est 6 sur 12
Statistiques - réponses
Indice Anagramme Mot % Correct
disciple LEVEE eleve
97%
mages SOIR rois
91%
prénom NEREE renee
89%
fond TINTE teint
72%
brisées MODELISE demolies
62%
pied ALPIN plain
57%
rempart MAILLURE muraille
51%
sac AUMONERIE aumoniere
42%
chenilles LIEUS iules
18%
débits GAIETES etiages
6%
bactérie LAITIERS listeria
5%
fil RUSAT sutra
2%
Aucun quiz correspondant
Distribution des résultats
% des personnes avec chaque résultat
Percentile par nombre de réponses
Votre historique - résultats
Vous n’avez pas pris ce quiz